000 00566nam a2200217 i 4500
001 C2-0304344
003 PPAK
005 20180728085409.0
008 100518s th |||| ||||| | eng d
040 _aPPAK
_beng
_cPPAK
_erda
082 0 4 _a894.811
_223
090 0 0 _a894.811
_bCHA
_dKIH
100 1 _aSarapadnuke, chamlong,
_eauthor
245 1 0 _aRamayana in thai theatre
264 1 _aBangkok, Thailand :
300 _a23 pages ;
_c26 cm.
336 _2rdacontent
_atext
337 _2rdamedia
_aunmediated
338 _2rdacarrier
_avolume
942 _ddc
_cB
999 _c107483
_d107483